[Event "Wellington Open 2023"]
[Site "Wellington Chess Club"]
[Date "2023.04.08"]
[Round "4.4"]
[White "Van der Hoorn, Thomas"]
[Black "Winter, Ryan"]
[Result "0-1"]
[WhiteElo "2068"]
[BlackElo "2209"]

1. e4 c6 2. d4 d5 3. exd5 cxd5 4. Bd3 Nc6 5. c3 g6 6. Ne2 Bf5 7. O-O Bxd3 8.
Qxd3 Nf6 9. Bg5 Bg7 10. Nd2 O-O 11. f4 e6 12. Rae1 Qc7 13. Bxf6 Bxf6 14. Nf3
Ne7 15. g4 Bg7 16. Qe3 Rae8 17. Ne5 f6 18. Nd3 Nc8 19. Nc5 Qf7 20. Ng3 Re7 21.
Nxe6 f5 22. gxf5 gxf5 23. c4 Nb6 24. cxd5 Nxd5 25. Qf3 Rxe6 26. Qxd5 Rxe1 27.
Qxf7+ Rxf7 28. Rxe1 Bxd4+ 29. Kg2 Bxb2 30. Rb1 Ba3 31. Rb5 Rc7 32. Nxf5 b6 33.
Ne3 Bc1 34. Re5 Bxe3 35. Rxe3 Rc2+ 36. Kg3 Rxa2 37. Re7 a5 38. h4 h5 39. f5 Ra4
40. Rb7 Rb4 41. Kf3 a4 42. Ke3 b5 43. Kd3 a3 44. Ra7 Ra4 0-1

[Event "Wellington Open 2023"]
[Site "Wellington Chess Club"]
[Date "2023.04.08"]
[Round "4.5"]
[White "Young, Cohen"]
[Black "Archer, Ollie"]
[Result "1-0"]
[WhiteElo "1994"]
[BlackElo "2151"]

1. e4 c6 2. d4 d5 3. e5 Bf5 4. Nf3 e6 5. Be2 Ne7 6. O-O c5 7. Be3 Nec6 8. dxc5
Nd7 9. Nd4 Nxd4 10. Bxd4 Bxc5 11. Bxc5 Nxc5 12. Bb5+ Kf8 13. Re1 h5 14. Nd2 g5
15. b4 Ne4 16. Nxe4 dxe4 17. Qxd8+ Rxd8 18. Rad1 Ke7 19. Be2 g4 20. Rxd8 Rxd8
21. Rd1 Rd5 22. a4 Rxe5 23. c4 Bg6 24. b5 f5 25. g3 Rc5 26. Kf1 e5 27. Ke1 f4
28. Kd2 Rc7 29. Kc3 Rd7 30. Rxd7+ Kxd7 31. c5 e3 32. fxe3 f3 33. Bf1 Bb1 34.
Kb2 Be4 35. Kc3 Ke6 36. Bc4+ Bd5 37. Bf1 Kf5 38. Kd3 e4+ 39. Kd4 Bb3 40. a5 Bd1
41. b6 axb6 42. cxb6 Be2 43. a6 Bxa6 44. Bxa6 bxa6 45. b7 f2 46. b8=Q f1=Q 47.
Qf8+ 1-0

[Event "Wellington Open 2023"]
[Site "Wellington Chess Club"]
[Date "2023.04.08"]
[Round "4.6"]
[White "Yu, Zachary"]
[Black "Huang, Alex"]
[Result "1/2-1/2"]
[WhiteElo "1885"]
[BlackElo "2138"]

1. d4 Nf6 2. c4 g6 3. Nc3 d5 4. cxd5 Nxd5 5. e4 Nxc3 6. bxc3 Bg7 7. Bc4 c5 8.
Ne2 O-O 9. O-O Nc6 10. Be3 Na5 11. Bd3 b6 12. h4 e5 13. dxc5 Qc7 14. cxb6 axb6
15. Rb1 Rb8 16. Rb2 Be6 17. Qa4 Rfd8 18. Rxb6 Rxb6 19. Qxa5 Rb7 20. Qxc7 Rxc7
21. Bb6 Rxd3 22. Bxc7 Bxa2 23. Ra1 Bc4 24. Ng3 h5 25. Ra5 f6 26. Ra8+ Bf8 27.
Bd8 Kf7 28. Bxf6 Bd6 29. Bg5 Rxc3 30. Rc8 Rc2 31. Nf1 Bd3 32. Rxc2 Bxc2 33. f3
Bd3 34. Kf2 Bc5+ 35. Be3 Be7 36. g3 Ke6 37. Nd2 Bb4 38. Nb3 Bc4 39. Nd2 Bxd2
40. Bxd2 Bd3 41. Ke3 Bc2 42. Bc3 Bd1 43. f4 exf4+ 44. gxf4 1/2-1/2

[Event "Wellington Open 2023"]
[Site "Wellington Chess Club"]
[Date "2023.04.08"]
[Round "4.7"]
[White "Malcolm, Aidan"]
[Black "Timergazi, Layla"]
[Result "0-1"]
[WhiteElo "1838"]
[BlackElo "2136"]

1. b4 a5 2. b5 d5 3. a4 e5 4. Bb2 e4 5. e3 f5 6. Be2 Nf6 7. Nh3 Bc5 8. Nf4 O-O
9. c4 d4 10. exd4 Bxd4 11. Bxd4 Qxd4 12. Ra3 Ng4 13. O-O Qe5 14. g3 Rd8 15. Qb3
Nf6 16. Nh3 h6 17. Nf4 Kh7 18. Ra2 g5 19. Nh5 Nxh5 20. Bxh5 Be6 21. Qa3 c5 22.
Be2 f4 23. Re1 Qd4 24. Bf3 Bf5 25. Bg2 Nd7 26. g4 Bg6 27. Nc3 f3 28. Bf1 Ne5
29. h3 Nxc4 30. Qb3 Nxd2 31. Rxd2 Qxd2 32. Nxe4 Qxe1 33. Nf6+ Kg7 34. Nh5+ Bxh5
35. Qb2+ Kh7 0-1

[Event "Wellington Open 2023"]
[Site "Wellington Chess Club"]
[Date "2023.04.08"]
[Round "4.8"]
[White "Aldridge, Alan"]
[Black "Cilia Vincenti, David"]
[Result "1-0"]
[WhiteElo "1760"]
[BlackElo "2136"]

1. e4 c5 2. Nf3 Nc6 3. Bb5 g6 4. O-O Bg7 5. c3 e5 6. a4 Nge7 7. d3 O-O 8. Re1
d5 9. Be3 d4 10. cxd4 cxd4 11. Bd2 h6 12. Na3 a6 13. Bc4 Kh7 14. h3 f5 15. Nc2
f4 16. Nb4 g5 17. Nd5 Ng6 18. Nh2 a5 19. Rb1 Bf6 20. b4 axb4 21. Bxb4 Nxb4 22.
Rxb4 Be7 23. Nxe7 Qxe7 24. Rb5 Rf6 25. Bd5 Rfa6 26. Qb3 Rxa4 27. Bxb7 Ra3 28.
Qb2 Ra2 29. Qb1 Ra1 30. Qxa1 Rxa1 31. Rxa1 Bd7 32. Rba5 Nf8 33. Ra7 Qc5 34. Ng4
1-0

[Event "Wellington Open 2023"]
[Site "Wellington Chess Club"]
[Date "2023.04.08"]
[Round "4.9"]
[White "Yu, Weiyang (Cadence)"]
[Black "Ning, Isabelle Yixuan"]
[Result "0-1"]
[WhiteElo "1804"]
[BlackElo "2109"]

1. d4 Nf6 2. Bf4 e6 3. Nf3 b6 4. e3 Bb7 5. Nbd2 Be7 6. c3 O-O 7. Bd3 d6 8. h3
Nbd7 9. Bc2 Ba6 10. c4 d5 11. b3 dxc4 12. bxc4 c5 13. g4 cxd4 14. exd4 Bb4 15.
O-O Rc8 16. Bb3 Nb8 17. Be3 Nc6 18. Rc1 Qe7 19. Ne5 Nxe5 20. dxe5 Nd7 21. f4
Nc5 22. Nf3 Rfd8 23. Qc2 Bb7 24. Ng5 g6 25. Rcd1 h6 26. Nf3 Be4 27. Qg2 Qb7 28.
Bc2 Rxd1 29. Bxd1 Rd8 30. Bc2 Nd3 31. Qg3 Bxf3 32. Qxf3 Qxf3 33. Rxf3 Ne1 34.
Rf2 Nxc2 35. Rxc2 Bc5 36. Rc3 Rd1+ 37. Kg2 Bxe3 38. Rxe3 Rd2+ 39. Kg3 Rxa2 40.
Rc3 Ra5 41. Rb3 Kf8 42. Kf3 Ke7 43. Ke4 Kd7 44. f5 gxf5+ 45. gxf5 Ra4 46. fxe6+
Kxe6 47. Kd4 Ra5 48. Re3 Rc5 49. Ra3 a5 50. Rb3 Rc6 51. Rf3 Ke7 52. Rb3 f6 53.
exf6+ Kxf6 54. Kd5 Re6 55. Rf3+ Ke7 56. c5 bxc5 57. Kxc5 Re5+ 58. Kb6 a4 59.
Ra3 Re4 60. Kc5 Ke6 61. Rf3 Ke5 62. Ra3 h5 63. Rd3 Kf4 64. Ra3 h4 65. Kd5 Re3
66. Rxa4+ Kg3 67. Re4 Rd3+ 68. Ke5 Kxh3 69. Kf4 Kg2 70. Kg4 h3 71. Ra4 Rd2 72.
Ra3 h2 73. Rg3+ Kf2 74. Rf3+ Kg1 75. Rg3+ Rg2 0-1

[Event "Wellington Open 2023"]
[Site "Wellington Chess Club"]
[Date "2023.04.08"]
[Round "4.10"]
[White "Coates, Alex"]
[Black "Tanoi, Edward"]
[Result "1-0"]
[WhiteElo "1718"]
[BlackElo "1993"]

1. d4 Nf6 2. c4 e6 3. Nc3 c5 4. d5 exd5 5. cxd5 d6 6. Nf3 g6 7. Bf4 a6 8. e4
Bg7 9. Qa4+ Bd7 10. Qb3 O-O 11. Bxd6 Re8 12. Bxc5 Nxe4 13. Nxe4 Rxe4+ 14. Be3
Qa5+ 15. Nd2 Rb4 16. Qd1 Bxb2 17. Be2 Bxa1 18. Qxa1 Bb5 19. Bh6 f6 20. Qxf6
Rb1+ 21. Bd1 1-0

[Event "Wellington Open 2023"]
[Site "Wellington Chess Club"]
[Date "2023.04.08"]
[Round "4.11"]
[White "Brockway, Andrew"]
[Black "Perrin, Brent"]
[Result "0-1"]
[WhiteElo "1662"]
[BlackElo "1960"]

1. e4 e6 2. d4 d5 3. Nd2 Nf6 4. Bd3 c5 5. e5 Nfd7 6. c3 Nc6 7. Ne2 cxd4 8. cxd4
f6 9. exf6 Nxf6 10. Nf3 Bd6 11. O-O Qc7 12. Ng3 O-O 13. Re1 Bd7 14. a3 Rac8 15.
Bd2 Qb6 16. Bc3 Na5 17. Qe2 Nc4 18. Bxc4 Rxc4 19. Ne5 Bxe5 20. Qxe5 Ng4 21. Qg5
e5 22. Rxe5 Nxe5 23. Qxe5 Qe6 24. Qxe6+ Bxe6 25. Re1 Kf7 26. Nf1 Re8 27. Nd2
Rcc8 28. Nf3 Bf5 29. Ne5+ Kg8 30. f3 b5 31. Kf2 Ra8 32. Re2 Rec8 33. Rd2 Rc7
34. Bb4 a5 35. Bc5 Re8 36. Re2 Rb7 37. b4 axb4 38. axb4 Ra8 39. Rb2 Ra6 40. Ke2
h6 41. Kf2 Rb8 42. Kg3 Kh7 43. Kf2 Rba8 44. Kg3 Ra2 45. Rxa2 Rxa2 46. h4 Bg6
47. Nd7 Bd3 48. Nb6 Bc4 49. Kh3 Kg6 50. g4 h5 51. gxh5+ Kxh5 52. Nd7 Bf1+ 53.
Kg3 Rg2+ 54. Kf4 Kxh4 55. Ne5 Kh5 56. Ng4 Be2 57. Ne5 Rg1 58. Ke3 Bc4 59. Kf2
Rb1 60. Kg3 Kg5 61. Be7+ Kf5 62. Bc5 Rb3 63. Kf2 Ra3 64. Kg3 Be2 65. Kg2 Bd1
66. Kg3 g5 67. Kf2 Rb3 68. Bd6 Ra3 69. Bc5 Ra2+ 70. Kg3 Bc2 71. Bd6 Bb1 72. Bc5
Rd2 73. Bb6 Ba2 74. Bc5 Bc4 75. Ng4 Rd3 76. Ne5 Rd1 77. Kf2 Rf1+ 78. Kg3 Bb3
79. Bb6 Bd1 80. Bc5 g4 81. fxg4+ Bxg4 82. Nxg4 Rg1+ 83. Kf3 Rxg4 84. Ke3 Rg3+
85. Kd2 Ke4 86. Kc2 Rd3 87. Bb6 Rxd4 88. Bxd4 Kxd4 0-1

[Event "Wellington Open 2023"]
[Site "Wellington Chess Club"]
[Date "2023.04.08"]
[Round "4.12"]
[White "Hurndell, Robert"]
[Black "Chen, Wei Kai"]
[Result "0-1"]
[WhiteElo "1626"]
[BlackElo "1973"]

1. e4 c6 2. Nf3 d5 3. Nc3 dxe4 4. Nxe4 Bf5 5. Ng3 Bg6 6. h4 h6 7. Ne5 Bh7 8.
Qf3 Nf6 9. Qb3 Qd5 10. Qxb7 Qxe5+ 11. Be2 e6 12. Qc8+ Ke7 13. Qb7+ Kd8 14. Qxa8
Bc5 15. d3 Kc7 16. Be3 Bxe3 17. fxe3 Qxg3+ 18. Kd2 Nd5 19. Qxa7+ Kd6 20. c4 Nc7
21. Qd4+ Ke7 22. Bf3 Rd8 23. Qc5+ Rd6 24. e4 Nd7 25. Qe3 Ne5 26. Ke2 Nxd3 27.
c5 Nf4+ 28. Kf1 Rd3 29. Qf2 Qxf2+ 30. Kxf2 e5 31. Rhd1 Na6 32. g3 Rxd1 33. Rxd1
Ne6 34. Rd6 Nd4 35. b4 Nxb4 36. Bg4 Nd3+ 37. Ke3 Nxc5 38. Rxd4 exd4+ 39. Kxd4
Nxe4 0-1

[Event "Wellington Open 2023"]
[Site "Wellington Chess Club"]
[Date "2023.04.08"]
[Round "4.13"]
[White "Loke, Kayden"]
[Black "List, Robert"]
[Result "1-0"]
[WhiteElo "1972"]
[BlackElo "1677"]

1. e4 b6 2. d4 Bb7 3. Nc3 e6 4. Nf3 Bb4 5. Bd3 Nf6 6. e5 Ne4 7. Bd2 Nxd2 8.
Qxd2 Be7 9. Be4 Nc6 10. O-O d5 11. exd6 cxd6 12. d5 exd5 13. Nxd5 O-O 14. Rfe1
Ne5 15. Nxe5 dxe5 16. Nxe7+ Qxe7 17. Bxb7 Qxb7 18. Rxe5 Rad8 19. Qe2 Qc6 20.
Rd1 Rc8 21. c3 h6 22. Qe4 Qxe4 23. Rxe4 Rfd8 24. Rxd8+ Rxd8 25. Rd4 Re8 26. Kf1
Re7 27. a4 f6 28. f3 Kf7 29. Re4 Rd7 30. Ke2 f5 31. Rd4 Re7+ 32. Kd2 Kf6 33. b4
Ke5 34. Rd3 Rc7 35. Re3+ Kd5 36. f4 Rc4 37. Kc2 h5 38. Rd3+ 1-0

[Event "Wellington Open 2023"]
[Site "Wellington Chess Club"]
[Date "2023.04.08"]
[Round "4.14"]
[White "Jones, Christopher"]
[Black "Jackson, Ross"]
[Result "0-1"]
[WhiteElo "1596"]
[BlackElo "1885"]

1. e4 d5 2. exd5 Qxd5 3. d4 Nf6 4. Nc3 Qd6 5. Nf3 c6 6. h3 Nbd7 7. Be2 Nb6 8.
O-O Bf5 9. Be3 Nbd5 10. Qd2 Nxc3 11. Qxc3 Nd5 12. Qb3 Qc7 13. c4 Nxe3 14. fxe3
Qb6 15. Qxb6 axb6 16. Ne5 Bg6 17. Nxg6 hxg6 18. a3 e6 19. e4 Be7 20. d5 cxd5
21. exd5 Rd8 22. Rad1 Rh4 23. Kh2 Re4 24. Bd3 Bd6+ 25. g3 Re3 26. Rde1 Bxg3+
27. Kg2 0-1

[Event "Wellington Open 2023"]
[Site "Wellington Chess Club"]
[Date "2023.04.08"]
[Round "4.15"]
[White "Wang, Justin Zhide"]
[Black "Howe, Alexander"]
[Result "1-0"]
[WhiteElo "1875"]
[BlackElo "1556"]

1. e4 e6 2. d4 d5 3. exd5 exd5 4. Bd3 Nf6 5. Ne2 c5 6. c3 Bd6 7. Nd2 O-O 8. Nf3
h6 9. h3 Nc6 10. O-O c4 11. Bc2 Be6 12. Nf4 Qc7 13. Nxe6 fxe6 14. Re1 Qf7 15.
Qe2 e5 16. dxe5 Nxe5 17. Nxe5 Bxe5 18. Bxh6 Rae8 19. Be3 d4 20. cxd4 Bxd4 21.
Ba4 Re5 22. Qd2 Bxe3 23. Rxe3 Rxe3 24. Qxe3 a6 25. Rd1 b5 26. Bc2 g6 27. Qg3
Kg7 28. Rd6 Ra8 29. f4 b4 30. f5 a5 31. fxg6 Qe7 32. Rd1 a4 33. Rf1 b3 34. Bb1
a3 35. bxa3 Rxa3 36. axb3 Rxb3 37. Qh4 Rxb1 38. Rxb1 c3 39. Qe1 Qc5+ 40. Qf2
Ne4 41. Qxc5 Nxc5 42. Rc1 Ne4 43. Kf1 Kxg6 44. Ke2 Ng3+ 45. Kf3 Nf5 46. Rxc3
Nh4+ 47. Kg3 Nf5+ 48. Kf4 Nh4 49. Rc6+ Kf7 50. g4 Ng2+ 51. Ke5 Ne3 52. g5 Ng2
53. Rc2 Nh4 54. Rc6 Nf3+ 55. Kf4 Nh4 56. Kg4 Ng2 57. h4 Ne3+ 58. Kh5 Nd5 59.
Kh6 Ne3 60. g6+ Ke7 61. Kh7 Nf5 62. g7 Kd7 63. Rf6 Ne7 64. Rf7 Kd6 65. Rxe7
Kxe7 66. h5 Kf6 67. g8=R Kf7 68. h6 Kf6 69. Rf8+ Ke7 70. Kg7 Ke6 71. h7 Ke7 72.
h8=Q Kd6 73. Qh6+ Ke5 74. Qf4+ Kd5 75. Rf5+ Ke6 76. Qe4+ 1-0

[Event "Wellington Open 2023"]
[Site "Wellington Chess Club"]
[Date "2023.04.08"]
[Round "4.16"]
[White "Moshakova, Elena"]
[Black "Rossiter, Philip E"]
[Result "0-1"]
[WhiteElo "1520"]
[BlackElo "1858"]

1. e4 d5 2. exd5 Nf6 3. d4 Bg4 4. Nf3 Nxd5 5. Be2 e6 6. O-O Be7 7. c4 Nb6 8.
Be3 N8d7 9. Nbd2 O-O 10. b3 c6 11. Bf4 Nf6 12. Qc2 Bf5 13. Bd3 Bxd3 14. Qxd3 c5
15. Rfd1 cxd4 16. Nxd4 Nh5 17. Be3 e5 18. N2f3 exd4 19. Qe4 Qc7 20. Nxd4 Nf6
21. Qf3 Rad8 22. Nb5 Qb8 23. Bf4 Qa8 24. Nc7 Qc8 25. Qg3 Rxd1+ 26. Rxd1 Rd8 27.
Re1 Nh5 28. Qe3 Nxf4 29. Qxe7 Ne6 30. Nxe6 fxe6 31. g3 Re8 32. Qd6 Qd7 33. Qe5
Nc8 34. c5 Ne7 35. Qxe6+ Qxe6 36. Rxe6 Kf7 37. Rd6 Nc6 38. a3 Rd8 39. Rxd8 Nxd8
40. b4 Ke6 41. f4 Kd5 42. Kf2 Kc4 43. f5 Kb3 44. h4 Kxa3 45. b5 Kb4 46. c6 bxc6
47. bxc6 Nxc6 48. h5 h6 49. g4 Ne7 50. Kf3 a5 51. Kf4 a4 0-1

[Event "Wellington Open 2023"]
[Site "Wellington Chess Club"]
[Date "2023.04.08"]
[Round "4.17"]
[White "Sova, Leo"]
[Black "Gold, Hamish R"]
[Result "0-1"]
[WhiteElo "1253"]
[BlackElo "1777"]

1. e4 c6 2. d4 d6 3. c4 Nf6 4. Bd3 Na6 5. a3 Qa5+ 6. Nc3 Qb6 7. Nge2 e5 8. d5
Nc5 9. b4 Nxd3+ 10. Qxd3 Be7 11. O-O O-O 12. Be3 Qc7 13. Ng3 Ng4 14. Bd2 Bd7
15. f4 Qb6+ 16. c5 dxc5 17. Na4 Qc7 18. Nxc5 Rad8 19. h3 exf4 20. Bxf4 Ne5 21.
Qc3 Bd6 22. Nd3 Nxd3 23. Bxd6 Qxd6 24. Qxd3 {scoresheet illegible - Black won
in 59 moves} 0-1

[Event "Wellington Open 2023"]
[Site "Wellington Chess Club"]
[Date "2023.04.08"]
[Round "4.19"]
[White "Sethuramalingam, Karthik"]
[Black "Benitez, Edgar"]
[Result "1/2-1/2"]
[WhiteElo "1415"]
[BlackElo "1930"]

1. d4 d6 2. Bf4 Nf6 3. e3 g6 4. Nc3 Bg7 5. h4 h5 6. Bd3 Nc6 7. Nf3 Bg4 8. Qd2
O-O 9. Nh2 Bd7 10. f3 Nb4 11. Rg1 Nxd3+ 12. Qxd3 b5 13. g4 b4 14. Ne4 Nxe4 15.
Qxe4 f5 16. Qd3 hxg4 17. fxg4 e5 18. dxe5 dxe5 19. Qd5+ Rf7 20. Bg5 Qe8 21.
gxf5 Bxf5 22. h5 c6 23. Qc4 gxh5 24. Bh6 Qe6 25. Qxe6 Bxe6 26. Rg6 Bf5 27. Rxc6
Be4 28. Rc4 Bd5 29. Rc5 Bxh6 30. Rxd5 Bxe3 31. Rxe5 Bf2+ 32. Ke2 Bg3 33. Rg5+
Rg7 34. Rxh5 Re8+ 35. Kd3 1/2-1/2

[Event "Wellington Open 2023"]
[Site "Wellington Chess Club"]
[Date "2023.04.08"]
[Round "4.20"]
[White "Yang, Edison J"]
[Black "Ha, Timothy Huy Minh"]
[Result "0-1"]
[WhiteElo "1492"]
[BlackElo "1812"]

1. d4 d5 2. c4 e6 3. Nc3 Nf6 4. Bg5 Be7 5. Nf3 a6 6. e3 O-O 7. Bd3 dxc4 8. Bxc4
b5 9. Bd3 Bb7 10. Qc2 h6 11. Bxf6 Bxf6 12. Bh7+ Kh8 13. Be4 c6 14. O-O Nd7 15.
Bd3 c5 16. Be4 Bxe4 17. Nxe4 cxd4 18. Nxf6 Nxf6 19. Rfd1 Rc8 20. Qb3 Qc7 21.
Nxd4 Ng4 22. Nf3 Qc2 23. Qxc2 Rxc2 24. h3 Nxf2 25. Rd2 Rxd2 26. Nxd2 Rd8 27.
Rf1 Rxd2 28. Rxf2 Rxf2 29. Kxf2 Kg8 30. Ke2 Kf8 31. Kd3 Ke7 32. Kc3 Kd6 33. Kb4
Kc6 34. Ka5 Kb7 35. b3 f5 36. a4 bxa4 37. bxa4 g5 38. Kb4 Kb6 39. a5+ Kc6 40.
Kc4 e5 41. g3 h5 42. Kd3 Kd5 43. e4+ Ke6 44. Ke3 f4+ 45. Kf3 fxg3 46. Kxg3 Kd6
0-1

[Event "Wellington Open 2023"]
[Site "Wellington Chess Club"]
[Date "2023.04.08"]
[Round "4.22"]
[White "Rose, Nathan"]
[Black "Qu, Lucas"]
[Result "1-0"]
[WhiteElo "1737"]
[BlackElo "1358"]

1. e4 e5 2. Nf3 Nc6 3. d4 exd4 4. Nxd4 Nf6 5. Nxc6 bxc6 6. e5 Qe7 7. Qe2 Nd5 8.
c4 Nb6 9. Nc3 Ba6 10. b3 O-O-O 11. g3 g6 12. Ne4 Nd5 13. Bg2 Qxe5 14. Bb2 Bb4+
15. Kf1 Qf5 16. Bxh8 Rxh8 17. Kg1 Re8 18. Nd6+ Bxd6 19. Qxe8+ Kb7 20. cxd5 Bc5
21. dxc6+ Kb6 22. Qb8+ Ka5 23. Qxc7+ Bb6 24. Qf4 Qc2 25. Qa4# 1-0

[Event "Wellington Open 2023"]
[Site "Wellington Chess Club"]
[Date "2023.04.08"]
[Round "4.23"]
[White "Nazeer, Afique"]
[Black "Hooper, John"]
[Result "1/2-1/2"]
[WhiteElo "1669"]
[BlackElo "1244"]

1. d4 Nf6 2. c4 g6 3. Nc3 Bg7 4. Nf3 d6 5. Bf4 O-O 6. h3 Nh5 7. Bh2 Re8 8. e3
Nc6 9. Be2 e6 10. O-O Ne7 11. Qc2 c6 12. Rad1 d5 13. Nd2 Nf6 14. f4 dxc4 15.
Nxc4 Nfd5 16. Nxd5 cxd5 17. Ne5 Nf5 18. Qd2 f6 19. Nf3 Nd6 20. Bd3 Bd7 21. Qe2
f5 22. Ne5 Bxe5 23. fxe5 Nf7 24. Qf2 Rf8 25. h4 Nh6 26. Be2 Rc8 27. Rd2 Qa5 28.
Bd1 Rc1 29. Bf4 Ng4 30. Bxg4 Rxf1+ 31. Kxf1 fxg4 32. a3 g3 33. Qe1 Bb5+ 34. Kg1
h6 35. Re2 Qxe1+ 36. Rxe1 h5 37. Bxg3 Rc8 38. Ra1 Rc2 39. a4 Bc4 40. b4 a6 41.
b5 Re2 42. Bf4 Bd3 43. bxa6 bxa6 44. a5 Be4 45. Rc1 Rxg2+ 46. Kf1 Rc2 47. Rxc2
Bxc2 48. Ke2 Be4 49. Kd2 Kf7 50. Kc3 Ke7 51. Bg5+ Kd7 52. Kb4 Kc6 53. Bd8 Bd3
54. Bg5 Be4 55. Bf6 Bd3 56. Be7 Be2 57. Bg5 1/2-1/2

[Event "Wellington Open 2023"]
[Site "Wellington Chess Club"]
[Date "2023.04.08"]
[Round "4.26"]
[White "Wang, Carol Huixin"]
[Black "Keith, Matthew"]
[Result "0-1"]
[WhiteElo "1127"]
[BlackElo "1621"]

1. e4 c5 2. Nc3 Nc6 3. f4 g6 4. Nf3 Bg7 5. Bb5 Nd4 6. Bc4 d6 7. O-O Nxf3+ 8.
Qxf3 Nh6 9. h3 Bd4+ 10. Kh1 Ng4 11. hxg4 h5 12. g5 Bg4 13. Qg3 Qc8 14. Bb5+ Kf8
15. f5 gxf5 16. exf5 Bxf5 17. Qf4 e6 18. Qxd6+ Kg7 19. Ne2 Rd8 20. Qh2 h4 21.
Nxd4 Rxd4 22. Qe5+ Kg8 23. b3 h3 24. g3 Re4 25. Qc3 a6 26. Bb2 Rd4 27. Rf4 axb5
28. Rxd4 Qc6+ 0-1

[Event "Wellington Open 2023"]
[Site "Wellington Chess Club"]
[Date "2023.04.08"]
[Round "4.28"]
[White "Sun, Taoran Ethan"]
[Black "Osborne, Geoff"]
[Result "1-0"]
[WhiteElo "1219"]
[BlackElo "1468"]

1. e4 c5 2. d4 cxd4 3. c3 dxc3 4. Nxc3 Nc6 5. Nf3 d6 6. Bc4 Bg4 7. Bxf7+ Kxf7
8. Ng5+ Ke8 9. Qxg4 Ne5 10. Qe2 Qd7 11. Bf4 h6 12. Bxe5 hxg5 13. Bg3 e5 14. Rc1
Be7 15. Nd5 Bd8 16. O-O Nf6 17. Rfd1 Rc8 18. Rxc8 Qxc8 19. Qd3 Rf8 20. Nxf6+
Rxf6 21. Qb3 Kf8 22. Qd3 Bc7 23. Rc1 Qd8 24. Qb3 { illegible scoresheets -
White won in 59 moves} 1-0

[Event "Wellington Open 2023"]
[Site "Wellington Chess Club"]
[Date "2023.04.09"]
[Round "5.1"]
[White "Dive, Russell"]
[Black "Croad, Nicolas"]
[Result "0-1"]
[WhiteElo "2350"]
[BlackElo "2442"]

1. Nf3 d5 2. d4 Nf6 3. c4 e6 4. Nc3 Bb4 5. Qb3 c5 6. dxc5 Nc6 7. e3 Ne4 8. cxd5
exd5 9. Bb5 O-O 10. O-O Bxc3 11. bxc3 Qf6 12. Bb2 Bg4 13. c4 Qg6 14. Nh4 Qg5
15. cxd5 Ne7 16. f3 Nd2 17. Qc3 Nxf1 18. Bxf1 Nxd5 19. Qd4 Be6 20. f4 Qf6 21.
f5 Qxd4 22. Bxd4 Bd7 23. e4 Nf6 24. e5 Nd5 25. Bc4 Bc6 26. Kf2 Rad8 27. Nf3 Nb4
28. e6 Bxf3 29. exf7+ Kh8 30. Bc3 Bd5 31. f6 g6 32. Bxb4 Bxc4 33. c6 Rxf7 34.
Be7 Rdf8 35. Bxf8 Rxf6+ 36. Ke3 Rxf8 37. Kd4 Ba6 38. c7 b6 39. Ke5 Kg7 40. Rd1
Re8+ 41. Kd6 Re2 42. a3 Rxg2 43. Rd4 Bb7 44. h4 Rc2 45. Ra4 a5 46. Rf4 b5 47.
Rf1 Rc4 48. Rb1 b4 49. axb4 axb4 50. Ra1 Bc8 51. Ra8 Bf5 52. Rb8 Rxh4 0-1

[Event "Wellington Open 2023"]
[Site "Wellington Chess Club"]
[Date "2023.04.09"]
[Round "5.2"]
[White "Ker, Anthony"]
[Black "Young, Cohen"]
[Result "1-0"]
[WhiteElo "2425"]
[BlackElo "1994"]

1. e4 c5 2. Nc3 Nc6 3. Bb5 Nd4 4. Nf3 a6 5. Bd3 Nc6 6. O-O g6 7. e5 Bg7 8. Re1
Nh6 9. Be4 Nxe5 10. Nxe5 Bxe5 11. d4 cxd4 12. Nd5 Ng8 13. Bxg6 Bxh2+ 14. Kxh2
hxg6+ 15. Kg1 Qa5 16. Re5 Kf8 17. b4 Qd8 18. Qxd4 e6 19. Re4 exd5 20. Qxh8 dxe4
21. Bh6+ 1-0

[Event "Wellington Open 2023"]
[Site "Wellington Chess Club"]
[Date "2023.04.09"]
[Round "5.3"]
[White "Sole, Michael"]
[Black "Winter, Ryan"]
[Result "0-1"]
[WhiteElo "2142"]
[BlackElo "2209"]

1. e4 c6 2. d4 d5 3. e5 Bf5 4. h4 h5 5. Bd3 Bxd3 6. Qxd3 e6 7. Bg5 Qb6 8. Nd2
Qa6 9. c4 Nd7 10. Ngf3 Ne7 11. O-O Nb6 12. b3 Nf5 13. Rfd1 Bb4 14. a3 Be7 15.
Bxe7 Nxe7 16. Qe3 Nf5 17. Qg5 Nd7 18. a4 Qa5 19. Rac1 Qd8 20. Qf4 Nf8 21. Qh2
Ng6 22. g3 dxc4 23. Nxc4 O-O 24. Ne3 Nge7 25. Rd3 Qd7 26. Rcd1 Rfd8 27. Qg2 Qc7
28. Ng5 g6 29. Ne4 Kg7 30. Qf3 Rh8 31. Nc4 Rad8 32. Ncd6 Nc8 33. Nxf5+ exf5 34.
Ng5 Rd5 35. Nh3 Ne7 36. Nf4 Rdd8 37. Qe2 Nd5 38. Qd2 Nxf4 39. Qxf4 Rd5 40. Qe3
Rhd8 41. b4 a5 42. Qd2 axb4 43. Qxb4 c5 44. Qc4 Qd7 45. Rb1 Rxd4 46. Rxd4 cxd4
47. Qb4 d3 48. Qb2 Kg8 49. Rd1 Qxa4 50. Rd2 Qe4 51. Qb6 Rd7 52. Qb2 Rc7 53. Kh2
f4 54. Qb5 fxg3+ 55. fxg3 Rc2 56. Rxc2 dxc2 57. Qe8+ Kg7 58. Qd8 c1=Q 59. Qf6+
Kg8 60. Qd8+ Kh7 0-1

[Event "Wellington Open 2023"]
[Site "Wellington Chess Club"]
[Date "2023.04.09"]
[Round "5.4"]
[White "Malcolm, Leo"]
[Black "Timergazi, Layla"]
[Result "0-1"]
[WhiteElo "1777"]
[BlackElo "2136"]

1. d4 c6 2. Nc3 d5 3. e4 dxe4 4. Bc4 Bf5 5. f3 Nf6 6. g4 Bg6 7. g5 Nd5 8. Nxe4
e6 9. h4 Qc7 10. Qe2 Nd7 11. a3 O-O-O 12. Bd3 Bh5 13. Nh3 e5 14. c4 Nf4 15.
Nxf4 exf4 16. O-O h6 17. Qh2 hxg5 18. hxg5 Qb6 19. Qf2 Ne5 20. Nd6+ Bxd6 21.
Bf5+ Kb8 22. c5 Bxf3 23. Qxf3 Nxf3+ 24. Rxf3 Bxc5 25. Bxf4+ Bd6 0-1

[Event "Wellington Open 2023"]
[Site "Wellington Chess Club"]
[Date "2023.04.09"]
[Round "5.5"]
[White "Ning, Isabelle Yixuan"]
[Black "Aldridge, Alan"]
[Result "1-0"]
[WhiteElo "2109"]
[BlackElo "1760"]

1. d4 Nf6 2. c4 e6 3. Nc3 Bb4 4. Bd2 O-O 5. Nf3 c5 6. e3 d5 7. a3 Bxc3 8. Bxc3
cxd4 9. Bxd4 b6 10. Bd3 dxc4 11. Bxc4 Ba6 12. Bxa6 Nxa6 13. Qe2 Nc5 14. Rd1 Qe7
15. O-O Rac8 16. Be5 Rfd8 17. Nd4 Ncd7 18. Bg3 Ne4 19. Qb5 Nxg3 20. hxg3 Rc5
21. Nc6 Qe8 22. Qa4 Ra8 23. b4 Rc3 24. b5 Rc5 25. Rd6 Rd5 26. Rxd5 exd5 27. Rd1
Nf6 28. Qb4 Kh8 29. g4 h6 30. Qf4 Qe4 31. g5 Qxf4 32. exf4 hxg5 33. fxg5 Ne4
34. Rxd5 a6 35. Re5 f5 36. Rxf5 axb5 37. g6 Nf6 38. Ne7 Re8 39. Re5 Ra8 40. Re3
Ng8 41. Nxg8 Kxg8 42. Re5 Ra5 43. Re8# 1-0

[Event "Wellington Open 2023"]
[Site "Wellington Chess Club"]
[Date "2023.04.09"]
[Round "5.6"]
[White "Perrin, Brent"]
[Black "Coates, Alex"]
[Result "1-0"]
[WhiteElo "1960"]
[BlackElo "1718"]

1. e4 e6 2. d4 d5 3. Nd2 Nf6 4. e5 Nfd7 5. Bd3 c5 6. c3 Nc6 7. Ne2 Qb6 8. Nf3
cxd4 9. cxd4 Bb4+ 10. Bd2 Bxd2+ 11. Qxd2 Qb4 12. O-O f6 13. exf6 Nxf6 14. Nc3
O-O 15. Rfe1 Bd7 16. a3 Qe7 17. Qe2 Rae8 18. Rad1 a6 19. Bb1 b5 20. Ne5 Na5 21.
h4 Nc4 22. g4 Nxe5 23. dxe5 Ne4 24. Nxe4 dxe4 25. Qxe4 Qxh4 26. Qxh7+ Qxh7 27.
Bxh7+ Kxh7 28. Rxd7 Rf4 29. Re3 Ref8 30. Re2 Rxg4+ 31. Kf1 Ra8 32. Re7 Rg6 33.
Rd2 Rc8 34. Rd6 Rc1+ 35. Ke2 Rc2+ 36. Ke3 Rxb2 37. Rxa6 Rb3+ 38. Ke4 Rg2 39. f4
Rc2 40. Rexe6 Rc4+ 41. Kf5 Rf3 42. Reb6 Rfxf4+ 43. Ke6 Ra4 44. Kd7 Rad4+ 45.
Rd6 g5 46. e6 g4 47. e7 Rde4 48. Re6 1-0